| 000 | 01406nam a2200229 a 4500 | ||
|---|---|---|---|
| 001 | 000684498 | ||
| 003 | AM-YeHGA | ||
| 005 | 20250617142229.0 | ||
| 008 | 090918s1976 ai | |||||||||||||rus|d | ||
| 040 | _aAM-YeHGA | ||
| 041 | 0 | _arus | |
| 100 | 1 | _aДудина, Варвара Егоровна | |
| 245 | 1 | 0 |
_aЭлектроснабжение сельскохозяйственных предприятий : _bЛекция для студентов-заочников агрономических, зоотехнических и экономических специальностей / _cВ.Е. Дудина, К.М. Поярков; МСХ СССР; Г. упр. высш. и сред. с.-х. образ.; Всесоюз. с.-х. ин-т заоч. образ. |
| 260 |
_aМ. : _bБ. и., _c1976. |
||
| 300 |
_a23 с. : _bрис. ; _c20 см. |
||
| 650 | 1 | 4 | _aПроизводство энергии для сельского хозяйства |
| 700 | 1 | _aПоярков, Кирилл Михайлович | |
| 710 | 2 | _aМинистерство сельского хозяйства СССР | |
| 710 | 2 | _aГлавное управление высшего и среднего сельскохозяйственного образования | |
| 710 | 2 | _aВсесоюзный сельскохозяйственный институт заочного образования | |
| 090 | _c255412 | ||
| 999 |
_c253813 _d253813 |
||